000 00563nam a2200205 a 4500
001 83049
003 BD-RjUL
005 20240212102750.0
008 240212r19741962enk 000 0 eng d
035 _a(BD-RjUL)83049
040 _aBAR
_beng
_cBD-RjUL
041 _aeng
082 _223
_a823.9
_bLEG 1974
100 1 _aLessing, Doris,
_d1919-2013
_911655
245 1 4 _aThe golden notebook /
_cDoris Lessing
260 _aLondon :
_bMichael Joseph,
_cc1962, [Impression 1974]
300 _a567 p. ;
_c25 cm.
650 _aWomen novelists
_911656
942 _2ddc
_cBK
999 _c83049
_d83049